00218nam a22000737a 4500100002600000245008000026260002800106300001000134 aShreevastav, K. N. P. aBasic of disaster management: bPre- During- Post cby K. N. P. Shreevastav aNew DelhibSatyamc2010 a468p.